000 00266 a2200121 4500
001 61549
082 _a005.2 SCH
090 _c37079
_d37079
100 _aSchildt Herbert
245 _aThe Complete Reference Java 2
250 _a4th
260 _bBandon A Norden
942 _aCAE NUST
_k005.2 SCH
999 _c296622
_d296622